Welcome to CU Library Online Public Access Catalogue (OPAC)

Charts of the Gospels and the life of Christ / (Record no. 8874)

MARC details
000 -LEADER
fixed length control field 00683cam a2200205 a 4500
001 - CONTROL NUMBER
control field 11966142
005 - DATE AND TIME OF LATEST TRANSACTION
control field 20260304134446.0
008 - FIXED-LENGTH DATA ELEMENTS--GENERAL INFORMATION
fixed length control field 000406s2000 miu b 000 0 eng
020 ## - INTERNATIONAL STANDARD BOOK NUMBER
International Standard Book Number 0310226201
Qualifying information pbk.
020 ## - INTERNATIONAL STANDARD BOOK NUMBER
International Standard Book Number 9780310226208
Qualifying information (pbk.)
050 00 - LIBRARY OF CONGRESS CALL NUMBER
Classification number BS2555.5
Item number .T46 2000
082 00 - DEWEY DECIMAL CLASSIFICATION NUMBER
Classification number 232.9/002/02
Edition information 21
100 1# - MAIN ENTRY--PERSONAL NAME
Personal name Thomas, Robert L.,
Dates associated with a name 1928-
245 10 - TITLE STATEMENT
Title Charts of the Gospels and the life of Christ /
Statement of responsibility, etc. Robert L. Thomas.
260 ## - PUBLICATION, DISTRIBUTION, ETC.
Place of publication, distribution, etc. Grand Rapids, Mich. :
Name of publisher, distributor, etc. Zondervan Pub. House,
Date of publication, distribution, etc. c2000.
300 ## - PHYSICAL DESCRIPTION
Extent 167 p. ;
Dimensions 28 cm.
440 #0 - SERIES STATEMENT/ADDED ENTRY--TITLE
Title ZondervanCharts
856 42 - ELECTRONIC LOCATION AND ACCESS
Materials specified Publisher description
Uniform Resource Identifier <a href="http://www.loc.gov/catdir/enhancements/fy0633/00039265-d.html">http://www.loc.gov/catdir/enhancements/fy0633/00039265-d.html</a>
942 ## - ADDED ENTRY ELEMENTS (KOHA)
Source of classification or shelving scheme Library of Congress Classification
Koha item type Books
Suppress in OPAC No
999 ## -
-- 8874
-- 8874
Holdings
Withdrawn status Lost status Source of classification or shelving scheme Damaged status Not for loan Collection Home library Current library Shelving location Date acquired Total checkouts Full call number Barcode Date last seen Copy number Price effective from Koha item type
    Library of Congress Classification     Non-fiction Business Library (Miotso) Business Library (Miotso) General stacks 03/04/2026   BS2555.5 .T46 2000 BSSM00002421 03/04/2026 1 03/04/2026 Books
© 2023-2024 Copyright: Central University Libraries. All Rights Reserved | Created by: Mahone Tech Office